00254nam a22001097a 4500003000400000020001800004082001800022100001500040245004300055260003800098300000800136SGT a9781639270806 a617.643bO21K aKaley, Ann aOrthodonticsbDiagnosis and treatment  bAmerican Medical Publishersc2021 a207